| 000 | 01189cam a2200349 a 4500 | ||
|---|---|---|---|
| 001 | 6646 | ||
| 003 | FISKH | ||
| 005 | 20250519083928.0 | ||
| 008 | 870512r19881978nyua j 000 1 eng | ||
| 010 | _a 87014330 | ||
| 020 | _a0689711999 (pbk.) : | ||
| 020 | _a9780590468961 | ||
| 040 |
_aDLC _cDLC _dDLC _beng |
||
| 050 | _aPZ7.V816 A | ||
| 082 | _a 813.54 | ||
| 100 | 1 | _aViorst, Judith. | |
| 245 | 1 | 0 |
_aAlexander, who used to be rich last Sunday / _cJudith Viorst ; illustrated by Ray Cruz. |
| 250 | _aFirst Scholastic printing, February 1993 | ||
| 260 |
_aNew York : _bScholastic, _c1978. |
||
| 300 |
_a32 unnumbered pages : _bcolor illustrations ; _c20 x 26 cm. |
||
| 500 | _aReprint. Originally published: New York : Atheneum, 1978. | ||
| 505 | _aN | ||
| 520 | _aAlthough Alexander and his money are quickly parted, he comes to realize all the things that can be done with a dollar. | ||
| 521 | 8 |
_a570
_bLexile AD |
|
| 521 | 8 |
_aN
_bRaz-Plus |
|
| 650 | 1 |
_aFinance, Personal _xFiction. |
|
| 650 | 1 | _aHumorous stories. | |
| 700 | 1 |
_aCruz, Ray, _eillustrator |
|
| 906 |
_a7 _bcbc _corignew _d1 _eocip _f19 _gy-gencatlg |
||
| 942 |
_2ddc _cBK _n0 |
||
| 999 |
_c6646 _d6646 |
||